000 00505nab a2200145Ia 4500
003 ES-SlBCS
005 20210601133742.0
008 140529s2010 xxu||||| |||| 00| 0 por d
041 _apor
100 1 _aSchlesener, Anita Helena
_9209231
245 0 0 _aPercepçao e conhecimento na aprendizagem infantil a partir de escritos de Benjamin
_c Anita Helena Schlesener
650 0 4 _aEducación-Infancia
_9209232
773 0 _tEducaçao e Filosofia
_gvol. 24, nº. 48, 2010, págs. 387-408
_wRev1534
942 _cAR
999 _c601540
_d601540